The idea of democracy
Zapisane w:
| Format: | Książka |
|---|---|
| Język: | Undetermined |
| Wydane: |
Cambridge, New York
Cambridge University
1995
|
| Hasła przedmiotowe: | |
| Etykiety: |
Dodaj etykietę
Nie ma etykietki, Dołącz pierwszą etykiete!
|
| Thư viện lưu trữ: | Trung tâm Học liệu Trường Đại học Cần Thơ |
|---|
| LEADER | 00461nam a2200169Ia 4500 | ||
|---|---|---|---|
| 001 | CTU_27178 | ||
| 008 | 210402s9999 xx 000 0 und d | ||
| 020 | |c 60.28 | ||
| 082 | |a 321.8 | ||
| 082 | |b I.19 | ||
| 245 | 4 | |a The idea of democracy | |
| 260 | |a Cambridge, New York | ||
| 260 | |b Cambridge University | ||
| 260 | |c 1995 | ||
| 650 | |a Democracy,Political science | ||
| 904 | |i Minh, Giang sửa | ||
| 980 | |a Trung tâm Học liệu Trường Đại học Cần Thơ | ||